Problemas literarios /

José Luis Martínez (Atoyac, Jalisco, 1918) es reconocido como un gran ensayista, con particular interés en la literatura mexicana y los temas del México prehispánico y virreinal. Algunos de los premios que ha obtenido son: Premio Nacional de Ciencias y Artes (1980), Premio Internacional Alfonso Reye...

Бүрэн тодорхойлолт

-д хадгалсан:
Номзүйн дэлгэрэнгүй
Үндсэн зохиолч: Martínez, José Luis (autor)
Бусад зохиолчид: Paz, Octavio (dirección) (dirección), Fuentes, Carlos (dirección) (dirección)
Формат: Ном
Хэл сонгох:испани
Хэвлэсэн: México : Obregón, 1955, c1955
Цуврал:(Colección Literaria Obregón ; 3)
Нөхцлүүд:
Шошгууд: Шошго нэмэх
Шошго байхгүй, Энэхүү баримтыг шошголох эхний хүн болох!

MARC

LEADER 00000nam^a2200000^a^4500
001 000157881
005 20250521000000.0
009 20260310100553.108
037 |a Acervo ITESO - Biblioteca 
041 |a ESP 
082 |a 860. 972  |b MAR 
100 |a Martínez, José Luis  |e (autor) 
245 1 0 |a Problemas literarios /  |c J.L. Martínez ; ed. de O. Paz, C. Fuentes. 
264 4 |a México :  |b Obregón,  |c 1955, c1955 
300 |a 228 p. 
336 |a texto  |b txt  |2 rdacontenido 
337 |a sin mediación  |b n  |2 rdamedio 
338 |a volumen  |b nc  |2 rdasoporte 
440 1 |a (Colección Literaria Obregón ;  |v 3) 
520 |a José Luis Martínez (Atoyac, Jalisco, 1918) es reconocido como un gran ensayista, con particular interés en la literatura mexicana y los temas del México prehispánico y virreinal. Algunos de los premios que ha obtenido son: Premio Nacional de Ciencias y Artes (1980), Premio Internacional Alfonso Reyes (1982), Primer Premio de Cultura Hispánica (1982), Premio Rafael Heliodoro Valle (1991), Premio Internacional Menéndez y Pelayo, etc. 
649 |a XX 
650 |a Ensayos Jaliscienses 
650 |a Ensayos Mexicanos 
650 |a Literatura Jalisciense -  |y Siglo XX 
650 |a Literatura Mexicana -  |y Siglo XX 
650 |a Literatura -  |x Historia y Crítica 
700 |a Paz, Octavio  |e (dirección) 
700 |a Fuentes, Carlos  |e (dirección) 
910 |a Fondo Salvador Reynoso Reynoso 
920 |a Impresos - Libros 
930 |a Fondos Especiales 
940 |a Literatura 
905 |a 112 
901 |a 0800016325  |b IT2  |c ESP  |u 20250521 
902 |a https://opac.biblio.iteso.mx/vufind/Record/000157881